Managing the Non-Profit Organization Principles and Practices

Uložené v:
Podrobná bibliografia
Hlavný autor: Drucker, Peter F.
Médium: Kniha
Jazyk:English
Vydavateľské údaje: New York Harper Business 1992
Vydanie:1. ed.
Predmet:
Tagy: Pridať tag
Žiadne tagy, Buďte prvý, kto otaguje tento záznam!

MARC

LEADER 00000nam a2200000 4500
001 c014284
005 20221214091820.5
020 |a 0-88730-601-2 
041 0 |a eng 
044 |a US 
245 1 0 |a Managing the Non-Profit Organization  |b Principles and Practices  |c Peter F. Drucker 
250 |a 1. ed. 
264 1 |a New York  |b Harper Business  |c 1992 
300 |a 235 s. 
610 2 0 |a riadenie 
610 2 0 |a metódy riadenia 
610 2 0 |a metódy organizácie 
610 2 0 |a spoločnosti 
610 2 0 |a organizácie neziskové 
610 2 0 |a organizácie účelové 
610 2 0 |a služby 
610 2 0 |a nadácie 
610 2 0 |a školy 
610 2 0 |a nemocnice 
610 2 0 |a pracovníci riadiaci 
610 2 0 |a manažment 
610 2 0 |a štúdie prípadové 
100 1 |a Drucker, Peter F.